Príspevok k uplatňovaniu vybraných metód systémového prístupu hodnotenia účinnosti a efektívnosti manažérstva kvality : Habilitačná práca

Guardado en:
Detalles Bibliográficos
Autor principal: Paulová, Iveta (Autor)
Formato: Libro
Lenguaje:eslovaco
Publicado: Trnava : STU v Bratislave MTF, 2004
Materias:
Etiquetas: Agregar Etiqueta
Sin Etiquetas, Sea el primero en etiquetar este registro!

MARC

LEADER 00000nam a22000003a 4500
001 stu97516
005 20150617225815.4
008 051116s2004----xo------------------slo-d
040 |a STU  |b slo 
041 0 |a slo 
044 |a xo 
100 1 |a Paulová, Iveta  |4 aut  |u M300  |9 100  |U MTF Ústav priemyselného inžinierstva a manažmentu  |T MTF Katedra inžinierstva kvality  |U M300  |Y M300 
245 1 |a Príspevok k uplatňovaniu vybraných metód systémového prístupu hodnotenia účinnosti a efektívnosti manažérstva kvality :  |b Habilitačná práca 
260 |a Trnava :  |b STU v Bratislave MTF,  |c 2004 
300 |a 96 s  |c príl 
650 7 |a manažérstvo kvality  |2 stusub 
996 |b 284M063549  |c M*HP-20  |l MMSKP  |s A  |a 24  |w stu97516_0001